000 00465nam a2200181Ia 4500
001 18516
005 20260306171636.0
008 260306s9999||||xx |||||||||||||| ||und||
041 _aESP
082 _a658.4063
_bS64
100 _aScott D., Anthony
_eAUT
245 4 _aThe little black book of innovation:
_bcómo funciona. Cómo hacerlo
260 _c2012
300 _a283 páginas :
_c23 cm.
650 _aGEN
654 _aCAN
942 _cLIB
_dJUS
_fJUS
_2ddc
_n
999 _c18516
_d18516